000 00454nam a22001697a 4500
003 OSt
020 _a9780070597419
040 _c0
082 _222
_a005.117
100 _aBenneth, Simon...[et al]
245 _aObject - Oranted systems analysis and design using UML /
250 _aNA
260 _aNew Delhi,
_bTata McGrew Hill,
_cc2004.
300 _axviii,612 p. ;
_bill. ;
_c24 cm.
700 _aMcRobb, Steven and Farmer, Ray
942 _2ddc
_cIT
_016
999 _c4641
_d4641